000 00294nam a22001097a 4500
082 _a503.21 MCG'I
100 _aINTERNATIONAL
_956713
245 _aMCGRAW HILL ENCYCLOPEDIA OF SCIENCE AND TECHNOLOGY VOLUME - 13 SPIR-TOU
260 _aNEWYORK
_bMCGRAW HILL
_c1966
300 _a693P
942 _cBK
999 _c567075
_d567075